|
|
|
|
| LEADER |
00000cam a2200000 a 4500 |
| 001 |
53713 |
| 005 |
20230308181429.0 |
| 008 |
000000|1965 ||||||||r|||||||||||spa|| |
| 040 |
|
|
|b spa
|
| 041 |
1 |
|
|a spa
|
| 082 |
0 |
|
|a 121
|
| 100 |
1 |
|
|a Hessen, Johan.
|d 1889-1971
|9 93165
|
| 245 |
|
|
|a Teoría del conocimiento
|c Johan Hessen.Traducción directa del alemán por José Gaos
|h imp
|
| 250 |
|
|
|a 7a ed.
|
| 264 |
|
|
|a Buenos Aires
|b Editorial Losada
|c 1965
|
| 300 |
|
|
|a 151 páginas:
|c 18 cm
|
| 504 |
|
|
|a incl. ref.
|
| 650 |
|
0 |
|a Conocimiento teoria
|9 32712
|
| 650 |
|
0 |
|a Teoría del conocimiento
|9 7172
|
| 650 |
|
0 |
|a Epistemología
|9 1263
|
| 852 |
|
|
|a UC-CDJBV
|c ESTANTERIA CERRADA
|f Compra
|k lucia.mora
|l 1
|m General
|p 00000000
|r 2
|t 53713
|b 0
|d CDRC
|e CDRC
|g 121 ESTANTERIA CERRADA
|z 0000-00-00
|
| 942 |
|
|
|c BK
|0 1
|
| 999 |
|
|
|c 56599
|d 56599
|